000 00362cam a22001337a 4500
008 180718b1973 xxu||||| |||| 00| 0 eng d
082 _aI5372 Un3
100 _aLaver, Murray
245 _aIntroducing Computers
_cby Murray Laver
250 _a2nd edn.
260 _aLondon
_bH.M.S.O.
_c1973
300 _a64+p
700 _aUnited Kingdom. Civil Service Department
999 _c491535
_d491535